Petit Bac - Lettre U - Statistiques

Statistiques générales
  • Ce quiz a été pris 2 202 fois
  • Le résultat moyen est 5 sur 10
Statistiques - réponses
Catégories : Réponses en U % Correct
Marque Ultima / Umm / Uno Universal / U / Ubuntu / Ucar / UCB / UHU / Ultima / Uncle Ben’s / UNIQLO / Uniross / UPS / UPSA / Urbania / Urgo / US Airways / Ushaïa / Usines Center / UGC / UBS / Urban factory / Utip / Uggs / Uber eats / Ubisoft / Undiz / Undercover / Unicar / Unipower
100%
Prénom Uriane / Urielle / Ursula / Ugo / Ugolin / Ulric / Ulrich / Ulysse / Urbain / Uriel / Ursule / Ulyssia / Uguette / Urban / Ulisse / Urio
95%
Pays Ukraine / Uruguay
87%
Partie du corps Uretère / Urètre / Utérus / Uvule
52%
Métier UI designer / Urbaniste / Urgentiste / Urologue / Usurier / UX designer / Usinier
50%
Objet ULM / Ukulélé / Unité centrale / Urinoir / Urne / Urinal / Unité / Uromètre / Ultramicroscope / Uranium / Ultra Ball / Ublot
44%
Sport ULM / Ultimate / Ultimate fresbee
26%
Animal Unau / Uranoscope / Urial / Urodèle / Urutu / Urubu / Uranidé / Ubu
20%
Vêtement Uniforme / Ugg
13%
Fruit ou Légume Ugli / Udo
6%
Aucun quiz correspondant
Distribution des résultats
% des personnes avec chaque résultat
Percentile par nombre de réponses
Votre historique - résultats
Vous n’avez pas pris ce quiz